| 000 | 02722 a2200229 4500 | ||
|---|---|---|---|
| 999 |
_c461076 _d461076 |
||
| 003 | UA-OsUOA | ||
| 005 | 20200821112014.0 | ||
| 008 | 200818b un ||||| |||| 00| 0 rus d | ||
| 020 | _a576543939 | ||
| 040 |
_aUA-OsUOA _bukr _cUA-OsUOA _dUA-OsUOA |
||
| 041 | _aukr | ||
| 080 | _a821.161.1(72) | ||
| 090 |
_a821.161.1(72) _bК 88 |
||
| 100 | _aКуатьэ А. | ||
| 245 |
_aИсповедь Люцифера. Шестая скрижаль завета _bроман _cАнхель де Куатьэ _nКн. 7 |
||
| 260 |
_bНева _c2004 _aСПб. |
||
| 300 | _a192 с. | ||
| 520 | _aСмысл жизни... Есть ли он? Одни из нас живут, потому что любят, другие — потому что боятся умереть. Но одно ли это и то же — «наполнить жизнь смыслом» и «найти смысл жизни»? Новая книга Анхеля де Куатьэ написана с такой силой чувств, что остаться безучастным к его «Исповеди» просто невозможно. Главная героиня Саша, горящая страстями Дантовского ада, пройдет в своем эзотерическом путешествии от одной ипостаси человеческого существа к другой — от тела, к сознанию, а от сознания — к духу. Чтобы в конце этого пути увидеть Свет, который открывает смысл человеческой жизни. Верить в Свет даже на дне бездны, видеть Его и в кромешной тьме ада, помнить о Нем, что бы ни случилось, нести в себе и находить в других — вот урок, который даст нам шестая Скрижаль Завета. Осталась еще одна Скрижаль, последний шаг, последняя тайна... «Смысл нашей жизни не в том, чтобы удовлетворить псе свои желания и мечты. Это тупик, лабиринт без выхода. Стремиться к чему-то — хорошо. Но само это стремление — только сила, оно еще не смысл жизни.» | ||
| 650 |
_2UDC _a821 Художня література окремими мовами і мовними сім'ями |
||
| 942 |
_cBK _2udc |
||